[Event "2. Bundesliga Ost 2014/2015"]
[Site "1020 Wien, Haus des Schachsports, Marathonweg 14"]
[Date "2015.02.22"]
[Round "9"]
[Board "5"]
[White "Lipp, Alfred"]
[Black "Hapala, Elisabeth"]
[Result "1-0"]
[WhiteElo "2118"]
[BlackElo "2077"]
[PlyCount "117"]
[EventDate "2014.10.18"]
[EventType "team"]
[EventRounds "11"]
[EventCountry "AUT"]
[WhiteTeam "Zwettl"]
[BlackTeam "ASVOE Pamhagen"]

1. c4 e5 2. Nc3 Nf6 3. Nf3 Nc6 4. g3 d5 5. cxd5 Nxd5 6. Bg2 Nb6 7. O-O Be7 8.
d3 O-O 9. Be3 Be6 10. Na4 Nxa4 11. Qxa4 f6 12. Rfc1 Qc8 13. Bc5 Bxc5 14. Rxc5
Ne7 15. Rac1 c6 16. b4 a6 17. Qa3 Nf5 18. e4 Ne7 19. d4 exd4 20. Nxd4 Bf7 21.
Qb2 Ng6 22. f4 Re8 23. R5c2 Qc7 24. a4 Nf8 25. a5 Rad8 26. Rd2 Re7 27. Nf5 Red7
28. Rxd7 Qxd7 29. Bf3 Be6 30. Rd1 Qc7 31. Rxd8 Qxd8 32. Qd4 Qxd4+ 33. Nxd4 Kf7
34. Kf2 Bd7 35. Ke3 Ke7 36. Kd3 Kd6 37. Kc4 Bc8 38. h4 Bd7 39. Bd1 Bc8 40. Nb3
Be6+ 41. Kd4 Bc8 42. Nc5 Ng6 43. Bh5 Nf8 44. Bf7 Ke7 45. Bg8 Kd6 46. e5+ fxe5+
47. fxe5+ Ke7 48. Ke4 h6 49. h5 g6 50. hxg6 Nxg6 51. Bh7 Nf8 52. Bf5 Be6 53.
Nxb7 Bxf5+ 54. Kxf5 Ne6 55. Nc5 Nxc5 56. bxc5 h5 57. Kg5 Ke6 58. Kxh5 Kxe5 59.
g4 1-0

[Event "2. Bundesliga Ost 2014/2015"]
[Site "1020 Wien, Haus des Schachsports, Marathonweg 14"]
[Date "2015.02.22"]
[Round "9"]
[Board "6"]
[White "Prinzjakowitsch, Bernhard"]
[Black "Wagner, Stefan"]
[Result "1/2-1/2"]
[WhiteElo "2147"]
[BlackElo "2143"]
[PlyCount "106"]
[EventDate "2014.10.18"]
[EventType "team"]
[EventRounds "11"]
[EventCountry "AUT"]
[WhiteTeam "ASVOE Pamhagen"]
[BlackTeam "Zwettl"]

1. e4 d5 2. exd5 Qxd5 3. Nc3 Qa5 4. d4 Nf6 5. Nf3 c6 6. Bc4 Bf5 7. Ne5 e6 8.
O-O Nbd7 9. Bf4 Nxe5 10. Bxe5 O-O-O 11. Qe2 Bd6 12. a3 Qc7 13. h3 Nd5 14. Bxd5
exd5 15. Bxg7 Rhg8 16. Qf3 Qd7 17. Bf6 Bxh3 18. g3 Rde8 19. Rfe1 Re6 20. Be5
Reg6 21. Re3 Bf8 22. Bf4 Rf6 23. Re5 Bd6 24. Qe3 Bxe5 25. Qxe5 Qd8 26. Re1 Rxf4
27. Qxf4 Be6 28. b4 h5 29. Kh2 h4 30. Re3 Rg4 31. Qe5 Qg8 32. b5 hxg3+ 33. fxg3
Qh7+ 34. Kg1 Qxc2 35. bxc6 Qc1+ 36. Kf2 bxc6 37. Ne2 Qc4 38. Rc3 Qb5 39. Qd6
Bd7 40. Rc5 Qb3 41. Rc3 Qb6 42. Qxd5 f5 43. Qc4 Re4 44. Rb3 Qa5 45. Nc3 Rg4 46.
Qf7 Qd8 47. d5 Qg8 48. Qxg8+ Rxg8 49. dxc6 Bxc6 50. Nb5 Bxb5 51. Rxb5 Rg5 52.
Kf3 Kc7 53. Rb3 Rg4 1/2-1/2

[Event "2. Bundesliga Ost 2014/2015"]
[Site "1020 Wien, Haus des Schachsports, Marathonweg 14"]
[Date "2015.02.22"]
[Round "9"]
[Board "1"]
[White "Zilka, Stepan"]
[Black "Weinzettl, Ernst"]
[Result "1/2-1/2"]
[WhiteElo "2521"]
[BlackElo "2297"]
[PlyCount "81"]
[EventDate "2014.10.18"]
[EventType "team"]
[EventRounds "11"]
[EventCountry "AUT"]
[WhiteTeam "Blackburne Nickelsdorf"]
[BlackTeam "ASVOE VHS Poechlarn"]

1. d4 Nf6 2. c4 g6 3. Nc3 Bg7 4. e4 d6 5. Nf3 O-O 6. h3 Na6 7. Be3 e5 8. d5 Nh5
9. Nh2 Qe8 10. Qd2 f5 11. exf5 gxf5 12. Bh6 Bxh6 13. Qxh6 Qg6 14. Qxg6+ hxg6
15. Nf3 Bd7 16. Ng5 Nf6 17. Be2 c6 18. O-O-O cxd5 19. Nxd5 Ne8 20. h4 Kg7 21.
h5 Kh6 22. Rd3 f4 23. Ne4 g5 24. g4 Rc8 25. Rc3 Be6 26. Ne7 Rc7 27. Ng6 Rff7
28. Rd1 f3 29. Bxf3 Rxf3 30. Rxf3 Bxg4 31. Rf8 Rxc4+ 32. Nc3 Bxd1 33. Kxd1 Kxh5
34. Nxe5 dxe5 35. Rxe8 Nc5 36. Ke2 Na4 37. Nxa4 Rxa4 38. Rxe5 Rxa2 39. Rb5 b6
40. f4 Kg6 41. Rxg5+ 1/2-1/2

[Event "2. Bundesliga Ost 2014/2015"]
[Site "1020 Wien, Haus des Schachsports, Marathonweg 14"]
[Date "2015.02.22"]
[Round "9"]
[Board "2"]
[White "Ganaus, Hannes"]
[Black "Schwarhofer, Christopher"]
[Result "0-1"]
[WhiteElo "2322"]
[BlackElo "2394"]
[PlyCount "102"]
[EventDate "2014.10.18"]
[EventType "team"]
[EventRounds "11"]
[EventCountry "AUT"]
[WhiteTeam "ASVOE VHS Poechlarn"]
[BlackTeam "Blackburne Nickelsdorf"]

1. d4 Nf6 2. c4 g6 3. Nc3 Bg7 4. e4 d6 5. Nf3 O-O 6. Be2 e5 7. d5 a5 8. Bg5 h6
9. Be3 Ng4 10. Bd2 f5 11. exf5 gxf5 12. h3 Nf6 13. Qc1 f4 14. g3 e4 15. Nh4 e3
16. fxe3 fxg3 17. Ng6 Rf7 18. Rg1 Bxh3 19. Nf4 Bf5 20. Ne6 Qe7 21. Rxg3 Ne4 22.
Nxe4 Qh4 23. Kd1 Bxe4 24. Rxg7+ Rxg7 25. Nxg7 Kxg7 26. Qc3+ Kh7 27. Be1 Qe7 28.
Qd4 Nd7 29. Bc3 b6 30. Kd2 Rg8 31. Rg1 Rxg1 32. Qh8+ Kg6 33. Qg8+ Kf5 34. Qxg1
Qg5 35. Qf1+ Kg6 36. Bd4 h5 37. Bd3 Bxd3 38. Qxd3+ Qf5 39. e4 Qg5+ 40. Kc2 Ne5
41. Bxe5 Qxe5 42. Qe2 Qf4 43. Kd3 h4 44. Qg2+ Qg3+ 45. Qxg3+ hxg3 46. Ke3 Kg5
47. Kf3 Kh4 48. Kg2 Kg4 49. b3 Kf4 50. a3 Kxe4 51. Kxg3 Kd4 0-1

[Event "2. Bundesliga Ost 2014/2015"]
[Site "1020 Wien, Haus des Schachsports, Marathonweg 14"]
[Date "2015.02.22"]
[Round "9"]
[Board "3"]
[White "Lendwai, Reinhard"]
[Black "Wilke, Werner"]
[Result "1/2-1/2"]
[WhiteElo "2347"]
[BlackElo "2225"]
[PlyCount "78"]
[EventDate "2014.10.18"]
[EventType "team"]
[EventRounds "11"]
[EventCountry "AUT"]
[WhiteTeam "Blackburne Nickelsdorf"]
[BlackTeam "ASVOE VHS Poechlarn"]

1. d4 Nf6 2. c4 c5 3. e3 g6 4. Nc3 Bg7 5. Nf3 O-O 6. Be2 cxd4 7. exd4 d5 8. O-O
Nc6 9. h3 dxc4 10. Bxc4 a6 11. a3 b5 12. Ba2 b4 13. axb4 Nxb4 14. Bb3 Bb7 15.
Ne5 e6 16. Re1 Nd7 17. Nc4 Nb6 18. Na5 Bd5 19. Nxd5 N6xd5 20. Nc4 Qf6 21. Ne5
Rfd8 22. Bd2 Qh4 23. Nf3 Qe7 24. Qe2 Qb7 25. Bg5 Rdc8 26. Qd2 Rab8 27. Ba4 Nf6
28. Bf4 Ra8 29. Bd6 a5 30. Qe2 Rd8 31. Be5 Nc6 32. Rec1 Rdc8 33. Bxf6 Bxf6 34.
Qe4 Nd8 35. Qxb7 Nxb7 36. Bc6 Rab8 37. Bxb7 Rxc1+ 38. Rxc1 Rxb7 39. Rc5 Rxb2
 1/2-1/2

[Event "2. Bundesliga Ost 2014/2015"]
[Site "1020 Wien, Haus des Schachsports, Marathonweg 14"]
[Date "2015.02.22"]
[Round "9"]
[Board "4"]
[White "Ernst, Michael"]
[Black "Pinter, Erik"]
[Result "0-1"]
[WhiteElo "2134"]
[BlackElo "2354"]
[PlyCount "92"]
[EventDate "2014.10.18"]
[EventType "team"]
[EventRounds "11"]
[EventCountry "AUT"]
[WhiteTeam "ASVOE VHS Poechlarn"]
[BlackTeam "Blackburne Nickelsdorf"]

1. d4 Nf6 2. c4 g6 3. Nc3 d5 4. cxd5 Nxd5 5. e4 Nxc3 6. bxc3 Bg7 7. Bg5 c5 8.
Rc1 Qa5 9. Qd2 Nd7 10. Nf3 Nf6 11. Bd3 h6 12. Bf4 Nh5 13. Be3 Bg4 14. d5 e6 15.
c4 Qc7 16. Ng1 e5 17. f3 Bd7 18. Ne2 g5 19. g4 Nf4 20. Ng3 Bf6 21. Rb1 h5 22.
h3 O-O-O 23. Kf2 Rh7 24. Be2 Be7 25. Qb2 Rdh8 26. Bxf4 exf4 27. Nxh5 Bd6 28. h4
f5 29. exf5 Bxf5 30. Rbe1 Be5 31. Qa3 gxh4 32. Bd3 Bd4+ 33. Kg2 Rxh5 34. Bxf5+
Rxf5 35. gxf5 Qg7+ 36. Kf1 Rg8 37. Ke2 Qe5+ 38. Kd1 Be3 39. Rxe3 fxe3 40. Qxc5+
Kb8 41. Re1 Qa1+ 42. Ke2 Qb2+ 43. Kxe3 Qe5+ 44. Kf2 Qg3+ 45. Ke2 Re8+ 46. Kd3
Qxe1 0-1

[Event "2. Bundesliga Ost 2014/2015"]
[Site "1020 Wien, Haus des Schachsports, Marathonweg 14"]
[Date "2015.02.22"]
[Round "9"]
[Board "5"]
[White "Vlcek, Stanislav"]
[Black "Gratze, Michael"]
[Result "1/2-1/2"]
[WhiteElo "2321"]
[BlackElo "2017"]
[PlyCount "56"]
[EventDate "2014.10.18"]
[EventType "team"]
[EventRounds "11"]
[EventCountry "AUT"]
[WhiteTeam "Blackburne Nickelsdorf"]
[BlackTeam "ASVOE VHS Poechlarn"]

1. e4 c5 2. Nf3 d6 3. d4 cxd4 4. Nxd4 Nf6 5. Nc3 g6 6. Be3 Bg7 7. f3 O-O 8. Qd2
Nc6 9. g4 Bxg4 10. fxg4 Nxg4 11. Nb3 d5 12. exd5 Nxe3 13. Qxe3 Bxc3+ 14. bxc3
Qxd5 15. Rg1 Rfd8 16. Rg5 e5 17. Bg2 Qc4 18. Be4 f6 19. Rg2 Ne7 20. Nd2 Qa6 21.
c4 f5 22. Qg5 Qa3 23. Rg3 Qa5 24. O-O-O Qxa2 25. Qxe7 Qa1+ 26. Nb1 Rxd1+ 27.
Kxd1 Qxb1+ 28. Ke2 fxe4 1/2-1/2

[Event "2. Bundesliga Ost 2014/2015"]
[Site "1020 Wien, Haus des Schachsports, Marathonweg 14"]
[Date "2015.02.22"]
[Round "9"]
[Board "6"]
[White "Gattermayer, Robert"]
[Black "Bachofner, Andreas"]
[Result "1/2-1/2"]
[WhiteElo "2013"]
[BlackElo "2180"]
[PlyCount "29"]
[EventDate "2014.10.18"]
[EventType "team"]
[EventRounds "11"]
[EventCountry "AUT"]
[WhiteTeam "ASVOE VHS Poechlarn"]
[BlackTeam "Blackburne Nickelsdorf"]

1. e4 d5 2. exd5 Qxd5 3. Nc3 Qd6 4. d4 Nf6 5. Nge2 a6 6. Bf4 Qd8 7. Qd2 e6 8.
O-O-O Be7 9. d5 exd5 10. Nxd5 Nxd5 11. Qxd5 Qxd5 12. Rxd5 Be6 13. Rd1 c5 14.
Nc3 Nc6 15. Nd5 1/2-1/2

[Event "2. Bundesliga Ost 2014/2015"]
[Site "1020 Wien, Haus des Schachsports, Marathonweg 14"]
[Date "2015.03.07"]
[Round "10"]
[Board "1"]
[White "Videki, Sandor"]
[Black "Weinzettl, Ernst"]
[Result "1-0"]
[WhiteElo "2380"]
[BlackElo "2297"]
[PlyCount "81"]
[EventDate "2014.10.18"]
[EventType "team"]
[EventRounds "11"]
[EventCountry "AUT"]
[WhiteTeam "SC Data Technology Pressbaum/E."]
[BlackTeam "ASVOE VHS Poechlarn"]

1. d4 Nf6 2. c4 g6 3. Nc3 Bg7 4. e4 d6 5. h3 O-O 6. Be3 Na6 7. Nf3 e5 8. d5 Nh5
9. a3 Qe8 10. b4 f5 11. Bd3 Nf4 12. O-O Nxd3 13. Qxd3 fxe4 14. Nxe4 Bxh3 15.
Nfd2 Bf5 16. c5 g5 17. Rfe1 Qg6 18. c6 b5 19. Reb1 Nb8 20. a4 Nxc6 21. dxc6
Rad8 22. Qd5+ Be6 23. Qxb5 d5 24. Nc5 d4 25. Bxg5 Bd5 26. Nde4 Bxe4 27. Nxe4
Qxe4 28. Bxd8 Rxd8 29. Qc4+ Kh8 30. Rb3 Bh6 31. Rh3 Rg8 32. g3 Bg7 33. Rh4 Qg6
34. Re1 Rf8 35. Rhe4 Rd8 36. b5 Qf5 37. Qd3 Bf6 38. Kg2 Qg6 39. Qf3 d3 40. Rd1
d2 41. Re2 1-0

[Event "2. Bundesliga Ost 2014/2015"]
[Site "1020 Wien, Haus des Schachsports, Marathonweg 14"]
[Date "2015.03.07"]
[Round "10"]
[Board "2"]
[White "Ganaus, Hannes"]
[Black "Rumpl, Erwin"]
[Result "1/2-1/2"]
[WhiteElo "2322"]
[BlackElo "2314"]
[PlyCount "95"]
[EventDate "2014.10.18"]
[EventType "team"]
[EventRounds "11"]
[EventCountry "AUT"]
[WhiteTeam "ASVOE VHS Poechlarn"]
[BlackTeam "SC Data Technology Pressbaum/E."]

1. d4 c5 2. d5 d6 3. e4 g6 4. Nc3 Bg7 5. Nf3 Nf6 6. Bb5+ Nbd7 7. a4 O-O 8. O-O
a6 9. Bc4 Ne8 10. Re1 b6 11. Bg5 Rb8 12. Qd3 Nc7 13. Rab1 f6 14. Be3 a5 15. Nb5
Nxb5 16. axb5 Ne5 17. Nxe5 fxe5 18. Qd1 Bd7 19. Be2 Qe8 20. c4 Rf7 21. Bg4 Qc8
22. h3 h6 23. Bxd7 Qxd7 24. Qg4 Qxg4 25. hxg4 g5 26. Kf1 Kh7 27. Ke2 Kg6 28.
Rh1 Rf6 29. Ra1 Rf7 30. Rh3 Rf6 31. Rf3 Rxf3 32. Kxf3 Bf6 33. Ke2 Bg7 34. f3
Bh8 35. Kd3 Bg7 36. Kc2 Bh8 37. Kb3 Bg7 38. Bd2 Ra8 39. Ra3 Bf6 40. Ra4 Kf7 41.
Kc2 Rc8 42. b3 Ke8 43. Ra1 Kf7 44. Kb2 Rb8 45. Rh1 Kg6 46. Bc3 Ra8 47. Ra1 Kf7
48. Rh1 1/2-1/2

[Event "2. Bundesliga Ost 2014/2015"]
[Site "1020 Wien, Haus des Schachsports, Marathonweg 14"]
[Date "2015.03.07"]
[Round "10"]
[Board "3"]
[White "Neumeier, Klaus"]
[Black "Wilke, Werner"]
[Result "0-1"]
[WhiteElo "2268"]
[BlackElo "2225"]
[PlyCount "80"]
[EventDate "2014.10.18"]
[EventType "team"]
[EventRounds "11"]
[EventCountry "AUT"]
[WhiteTeam "SC Data Technology Pressbaum/E."]
[BlackTeam "ASVOE VHS Poechlarn"]

1. c4 e6 2. g3 d5 3. Nf3 Nf6 4. Bg2 dxc4 5. Qc2 c6 6. Qxc4 b5 7. Qc2 Bb7 8. O-O
Nbd7 9. d3 Be7 10. Nbd2 c5 11. a4 a6 12. axb5 axb5 13. Rxa8 Qxa8 14. Nb3 Bd5
15. Bd2 Qa4 16. Na1 Qa6 17. Nb3 O-O 18. e4 Ba8 19. Ra1 Qc8 20. Be3 c4 21. Nbd2
Ng4 22. Bd4 e5 23. Ba7 Bc5 24. d4 exd4 25. Nxd4 Nde5 26. N2f3 Nd3 27. e5 Ngxf2
28. Qe2 Bxa7 29. Rxa7 Qc5 30. Rd7 Ng4 31. e6 Bxf3 32. Bxf3 Nge5 33. Rd5 Nxf3+
34. Qxf3 Qb6 35. e7 Re8 36. Qe3 g6 37. Rxb5 Qd6 38. Rb7 Ne5 39. Nb5 Qd1+ 40.
Kg2 Qd5+ 0-1

[Event "2. Bundesliga Ost 2014/2015"]
[Site "1020 Wien, Haus des Schachsports, Marathonweg 14"]
[Date "2015.03.07"]
[Round "10"]
[Board "4"]
[White "Ernst, Michael"]
[Black "Weissenbeck, Manuel"]
[Result "1-0"]
[WhiteElo "2134"]
[BlackElo "2213"]
[PlyCount "71"]
[EventDate "2014.10.18"]
[EventType "team"]
[EventRounds "11"]
[EventCountry "AUT"]
[WhiteTeam "ASVOE VHS Poechlarn"]
[BlackTeam "SC Data Technology Pressbaum/E."]

1. d4 Nf6 2. Nf3 e6 3. e3 b6 4. Bd3 Bb7 5. Nbd2 d5 6. O-O Bd6 7. b3 O-O 8. Bb2
Nbd7 9. Ne5 c5 10. f4 Ne4 11. Nxe4 dxe4 12. Bb5 Nf6 13. Bc6 Bxc6 14. Nxc6 Qc7
15. Ne5 Rfd8 16. Qe2 Nd5 17. c4 Ne7 18. Rad1 f6 19. Ng4 f5 20. Ne5 Bxe5 21.
fxe5 Nc6 22. d5 Nb4 23. d6 Qc6 24. Bc3 Nd3 25. g4 Rf8 26. gxf5 exf5 27. Qg2 Qe8
28. Rxd3 exd3 29. Qd5+ Kh8 30. e6 Qg6+ 31. Kh1 Rae8 32. e7 Rf7 33. Rg1 Qh5 34.
Qc6 Rfxe7 35. dxe7 d2 36. Bxg7+ 1-0

[Event "2. Bundesliga Ost 2014/2015"]
[Site "1020 Wien, Haus des Schachsports, Marathonweg 14"]
[Date "2015.03.07"]
[Round "10"]
[Board "5"]
[White "Hechl, Gerald"]
[Black "Gratze, Michael"]
[Result "1-0"]
[WhiteElo "2180"]
[BlackElo "2017"]
[PlyCount "87"]
[EventDate "2014.10.18"]
[EventType "team"]
[EventRounds "11"]
[EventCountry "AUT"]
[WhiteTeam "SC Data Technology Pressbaum/E."]
[BlackTeam "ASVOE VHS Poechlarn"]

1. d4 Nf6 2. Bg5 e6 3. e4 c5 4. d5 Qb6 5. Nc3 Be7 6. Qd2 Nxe4 7. Nxe4 Qxb2 8.
Rc1 f6 9. Be3 f5 10. Nc3 Bf6 11. Nge2 Na6 12. Rb1 Qa3 13. Nb5 Qxa2 14. Nec3 Qa5
15. dxe6 dxe6 16. Nd6+ Kf8 17. Ncb5 Qa2 18. Rc1 Qd5 19. Qxd5 exd5 20. Nxc8 Rxc8
21. Nxa7 Re8 22. Bxa6 bxa6 23. O-O d4 24. Bf4 Kf7 25. Nc6 g5 26. Bd2 Re2 27.
Rcd1 Rc8 28. Na5 c4 29. Rfe1 d3 30. Rxe2 dxe2 31. Re1 c3 32. Be3 f4 33. Bb6 Bd8
34. Nb7 Be7 35. Bd8 Rb8 36. Bxe7 Rxb7 37. Bxg5 f3 38. gxf3 a5 39. Rxe2 Rb1+ 40.
Kg2 a4 41. Re4 a3 42. Ra4 Rb2 43. Rxa3 Rxc2 44. Be3 1-0

[Event "2. Bundesliga Ost 2014/2015"]
[Site "1020 Wien, Haus des Schachsports, Marathonweg 14"]
[Date "2015.03.07"]
[Round "10"]
[Board "6"]
[White "Gattermayer, Robert"]
[Black "Schmidrathner, Christian"]
[Result "0-1"]
[WhiteElo "2013"]
[BlackElo "2075"]
[PlyCount "74"]
[EventDate "2014.10.18"]
[EventType "team"]
[EventRounds "11"]
[EventCountry "AUT"]
[WhiteTeam "ASVOE VHS Poechlarn"]
[BlackTeam "SC Data Technology Pressbaum/E."]

1. e4 c5 2. Nc3 Nc6 3. d3 d6 4. g3 g6 5. Bg2 Bg7 6. Be3 e6 7. Qd2 Nd4 8. O-O-O
Rb8 9. Kb1 b5 10. Nce2 b4 11. Nf3 Nxf3 12. Bxf3 Qf6 13. d4 Qxf3 14. dxc5 Qf6
15. e5 Qd8 16. cxd6 Bxe5 17. Bxa7 Rb7 18. Bc5 Qa5 19. Qe3 Bg7 20. Nc1 Bd7 21.
Nb3 Qb5 22. f4 Nf6 23. f5 O-O 24. fxg6 hxg6 25. h4 Bc6 26. Rhe1 Ra8 27. g4 Nd5
28. Qd3 Qa4 29. Bd4 Qxa2+ 30. Kc1 Bb5 31. Qe4 Rc8 32. Kd2 Bxd4 33. Qxd4 Rc4 34.
Qe5 Ba4 35. Ra1 Rxc2+ 36. Kxc2 Qxb3+ 37. Kd2 Qc2# 0-1

[Event "2. Bundesliga Ost 2014/2015"]
[Site "1020 Wien, Haus des Schachsports, Marathonweg 14"]
[Date "2015.03.07"]
[Round "10"]
[Board "1"]
[White "Markos, Jan"]
[Black "Lendwai, Reinhard"]
[Result "1/2-1/2"]
[WhiteElo "2590"]
[BlackElo "2347"]
[PlyCount "206"]
[EventDate "2014.10.18"]
[EventType "team"]
[EventRounds "11"]
[EventCountry "AUT"]
[WhiteTeam "ASVOE Pamhagen"]
[BlackTeam "Blackburne Nickelsdorf"]

1. Nf3 Nf6 2. g3 d5 3. Bg2 c6 4. O-O Bg4 5. d3 Bxf3 6. Bxf3 e6 7. e4 Be7 8. Qe2
O-O 9. Bg2 Nbd7 10. Nd2 a5 11. a4 b5 12. Nb3 b4 13. f4 Nc5 14. Nd4 Qc7 15. e5
Nfd7 16. b3 f6 17. Re1 Rae8 18. Bb2 Bd8 19. Kh1 Kh8 20. Rab1 Rf7 21. exf6 Bxf6
22. Qh5 g6 23. Qh3 Rfe7 24. Rf1 Bg7 25. Rf2 Qb6 26. Re2 Nxd3 27. cxd3 Bxd4 28.
Bc1 Bg7 29. g4 Qd4 30. Rc2 c5 31. Qf3 Rf8 32. Qe2 Qf6 33. Be3 Qh4 34. Bf2 Qf6
35. Rf1 d4 36. Bg3 Rc8 37. Qe4 Nb6 38. Rfc1 Rec7 39. Re1 Re7 40. f5 e5 41. Rf1
g5 42. Qe1 c4 43. h4 Bh6 44. Re2 Nd7 45. bxc4 Rce8 46. Bd5 Nc5 47. hxg5 Bxg5
48. Qd1 Bf4 49. Be1 Qh6+ 50. Kg1 Rg7 51. Rg2 Rf8 52. Rxf4 exf4 53. Bf2 f3 54.
Bxf3 Qf4 55. Qe2 Nxa4 56. Bg3 Qc1+ 57. Qf1 Qe3+ 58. Kh1 b3 59. Re2 Qh6+ 60. Kg2
b2 61. Be5 Qc1 62. Qf2 Qh6 63. Re1 Qb6 64. Rb1 Rd8 65. Qc2 Qb4 66. Bc6 Qe7 67.
Re1 Qg5 68. Bf3 Nc5 69. Rd1 Qe3 70. Bxg7+ Kxg7 71. Qxb2 Nxd3 72. Qd2 Qxd2+ 73.
Rxd2 Ne5 74. c5 Nxf3 75. Kxf3 Rd5 76. c6 Rc5 77. Rxd4 Rxc6 78. Rd7+ Kg8 79. Ra7
Rc5 80. Kf4 Rb5 81. Kg5 Rc5 82. Kf6 Rc6+ 83. Ke7 Rc8 84. Rxa5 Rc7+ 85. Kd6 Rb7
86. Rc5 Kf7 87. g5 Rb6+ 88. Rc6 Rb8 89. Rc7+ Kg8 90. Ke7 Rf8 91. Ke6 Re8+ 92.
Re7 Ra8 93. f6 Ra6+ 94. Kf5 Ra5+ 95. Kg4 Ra4+ 96. Kh5 Ra1 97. Rg7+ Kh8 98. g6
Rh1+ 99. Kg5 hxg6 100. Rb7 Kg8 101. Rg7+ Kf8 102. Rc7 Rg1+ 103. Kh6 Rh1+
 1/2-1/2

[Event "2. Bundesliga Ost 2014/2015"]
[Site "1020 Wien, Haus des Schachsports, Marathonweg 14"]
[Date "2015.03.07"]
[Round "10"]
[Board "2"]
[White "Pinter, Erik"]
[Black "Smolen, Jan"]
[Result "1/2-1/2"]
[WhiteElo "2354"]
[BlackElo "2453"]
[PlyCount "69"]
[EventDate "2014.10.18"]
[EventType "team"]
[EventRounds "11"]
[EventCountry "AUT"]
[WhiteTeam "Blackburne Nickelsdorf"]
[BlackTeam "ASVOE Pamhagen"]

1. e4 c6 2. Nf3 d5 3. Nc3 Bg4 4. h3 Bxf3 5. Qxf3 e6 6. g3 Nd7 7. Bg2 g6 8. O-O
Bg7 9. Qe2 Ne7 10. d3 O-O 11. h4 Nf6 12. Bf4 h5 13. Bg5 Nh7 14. Bxe7 Qxe7 15.
exd5 cxd5 16. Nxd5 Qd7 17. Ne3 Rae8 18. c3 e5 19. Qf3 Re7 20. Qd5 Qc8 21. Qc4
Qd8 22. Nd5 Rd7 23. Rae1 Kh8 24. f4 Re8 25. f5 Rd6 26. Be4 g5 27. f6 Nxf6 28.
Nxf6 Rxf6 29. Rxf6 Qxf6 30. Rf1 Qb6+ 31. Kh1 Qh6 32. hxg5 Qxg5 33. Rf5 Qxg3 34.
Rxh5+ Kg8 35. Bh7+ 1/2-1/2

[Event "2. Bundesliga Ost 2014/2015"]
[Site "1020 Wien, Haus des Schachsports, Marathonweg 14"]
[Date "2015.03.07"]
[Round "10"]
[Board "3"]
[White "Lipka, Juraj"]
[Black "Vlcek, Stanislav"]
[Result "1/2-1/2"]
[WhiteElo "2412"]
[BlackElo "2321"]
[PlyCount "58"]
[EventDate "2014.10.18"]
[EventType "team"]
[EventRounds "11"]
[EventCountry "AUT"]
[WhiteTeam "ASVOE Pamhagen"]
[BlackTeam "Blackburne Nickelsdorf"]

1. d4 Nf6 2. Nf3 g6 3. Bg5 Bg7 4. c3 c5 5. e3 cxd4 6. exd4 d6 7. Nbd2 h6 8. Bh4
Nc6 9. Be2 O-O 10. Nc4 Nd5 11. Ne3 Nf4 12. Bc4 Na5 13. Bf1 g5 14. Bg3 e5 15. d5
b6 16. Nd2 f5 17. f3 Bd7 18. Bf2 Qe7 19. h4 e4 20. hxg5 hxg5 21. fxe4 fxe4 22.
g3 Nd3+ 23. Bxd3 exd3 24. Qh5 Rf5 25. Qh7+ Kf7 26. O-O Rf6 27. Qh5+ Kg8 28.
Qxg5 Qf7 29. Ng2 Rf5 1/2-1/2

[Event "2. Bundesliga Ost 2014/2015"]
[Site "1020 Wien, Haus des Schachsports, Marathonweg 14"]
[Date "2015.03.07"]
[Round "10"]
[Board "4"]
[White "Bachofner, Andreas"]
[Black "Kochetkova, Julia"]
[Result "1-0"]
[WhiteElo "2180"]
[BlackElo "2327"]
[PlyCount "101"]
[EventDate "2014.10.18"]
[EventType "team"]
[EventRounds "11"]
[EventCountry "AUT"]
[WhiteTeam "Blackburne Nickelsdorf"]
[BlackTeam "ASVOE Pamhagen"]

1. e4 d6 2. d4 Nf6 3. Nc3 Nbd7 4. Nf3 e5 5. Bc4 Be7 6. O-O O-O 7. a4 a6 8. Re1
b6 9. Nd5 Bb7 10. Nxe7+ Qxe7 11. d5 Nc5 12. Bg5 h6 13. Bxf6 Qxf6 14. b4 Nxa4
15. Rxa4 b5 16. Ra3 bxc4 17. Nd2 c6 18. Nxc4 cxd5 19. exd5 Rac8 20. Na5 Ba8 21.
c4 Qh4 22. Rh3 Qe7 23. Qd2 Rfe8 24. Rc1 Qd7 25. Rd3 Qa7 26. Qc3 e4 27. Rd4 Re5
28. Qd2 Rce8 29. Qe3 Qb6 30. Rb1 Qc7 31. Rdd1 f5 32. h4 Rf8 33. Qf4 e3 34. fxe3
Re4 35. Qf2 f4 36. Rd4 Rxe3 37. Rxf4 Rxf4 38. Qxe3 Qf7 39. Re1 Kh7 40. Qd3+ Kg8
41. Qh3 Kh7 42. Qc8 Qf6 43. Qh3 Qf7 44. Qd3+ Kg8 45. Re6 Qh5 46. Qe2 Qxh4 47.
Re8+ Kh7 48. Qd3+ g6 49. Qe3 h5 50. g3 Rg4 51. Qa7+ 1-0

[Event "2. Bundesliga Ost 2014/2015"]
[Site "1020 Wien, Haus des Schachsports, Marathonweg 14"]
[Date "2015.03.07"]
[Round "10"]
[Board "5"]
[White "Jacko, Vladimir"]
[Black "Koffler, Daniel"]
[Result "1/2-1/2"]
[WhiteElo "2269"]
[BlackElo "2170"]
[PlyCount "69"]
[EventDate "2014.10.18"]
[EventType "team"]
[EventRounds "11"]
[EventCountry "AUT"]
[WhiteTeam "ASVOE Pamhagen"]
[BlackTeam "Blackburne Nickelsdorf"]

1. e4 e5 2. Nf3 Nc6 3. Bc4 Nf6 4. d3 Be7 5. c3 O-O 6. O-O d6 7. Nbd2 Na5 8. Bb5
a6 9. Ba4 b5 10. Bc2 c5 11. Re1 Nc6 12. Nf1 Qc7 13. Ng3 Rd8 14. h3 Bd7 15. Nh2
Rac8 16. Qf3 Be6 17. Nf5 Bxf5 18. Qxf5 Qd7 19. Qf3 d5 20. exd5 Qxd5 21. Qe2 Qe6
22. Nf3 Nd7 23. Bd2 Bf6 24. Nh2 Nf8 25. Ng4 Ng6 26. Be3 Nce7 27. Qf3 Nd5 28. a4
b4 29. Bb3 Nh4 30. Nxf6+ Nxf6 31. Bxe6 Nxf3+ 32. gxf3 fxe6 33. Rad1 bxc3 34.
bxc3 c4 35. d4 1/2-1/2

[Event "2. Bundesliga Ost 2014/2015"]
[Site "1020 Wien, Haus des Schachsports, Marathonweg 14"]
[Date "2015.03.07"]
[Round "10"]
[Board "6"]
[White "Bachofner, Christian"]
[Black "Alvir, Aco"]
[Result "0-1"]
[WhiteElo "2064"]
[BlackElo "2343"]
[PlyCount "130"]
[EventDate "2014.10.18"]
[EventType "team"]
[EventRounds "11"]
[EventCountry "AUT"]
[WhiteTeam "Blackburne Nickelsdorf"]
[BlackTeam "ASVOE Pamhagen"]

1. e4 g6 2. d4 Bg7 3. Nf3 c6 4. Nc3 Na6 5. Be2 d6 6. h3 Nf6 7. O-O O-O 8. Be3
Nc7 9. Qd2 d5 10. exd5 cxd5 11. Bh6 Nce8 12. Bxg7 Kxg7 13. Bd3 Nd6 14. Rfe1 Bf5
15. Bxf5 Nxf5 16. Re5 Nd6 17. Re2 Rc8 18. Ne5 e6 19. Qf4 Nh5 20. Qe3 Rc7 21.
Ng4 Nf5 22. Qd2 Nf6 23. Nxf6 Qxf6 24. Nb5 Rc6 25. c3 a6 26. Na3 Rb6 27. Qf4 Rc8
28. Rd1 Nd6 29. Qxf6+ Kxf6 30. f3 h5 31. Kf2 g5 32. Rd3 Rg8 33. Rd1 Ke7 34. Rh1
Kd7 35. g4 Rh8 36. Kg2 f5 37. Rhe1 hxg4 38. hxg4 Rh6 39. Rh1 Rxh1 40. Kxh1 fxg4
41. fxg4 Ne4 42. Kg2 Rc6 43. Nc2 Rc8 44. Ne1 Nf6 45. Kg3 Rf8 46. Nd3 Ne4+ 47.
Kg2 Kd6 48. Re3 a5 49. Rf3 Rxf3 50. Kxf3 a4 51. a3 Nd2+ 52. Ke2 Nc4 53. Kf3 e5
54. dxe5+ Nxe5+ 55. Nxe5 Kxe5 56. Ke3 b5 57. Kf3 d4 58. cxd4+ Kxd4 59. Ke2 Ke4
60. Kd2 Kf4 61. Kc3 Kxg4 62. Kb4 Kf5 63. Kxb5 g4 64. Kxa4 g3 65. b4 g2 0-1